[Event "C.to Europeo U16 femminile"]
[Site "Fermo ITA"]
[Date "2009.09.06"]
[Round "6"]
[White "Bulmaga, Irina"]
[Black "Bukhteeva, Viktoria"]
[Result "1/2-1/2"]
[WhiteElo "2277"]
[BlackElo "2175"]
[PlyCount "92"]
[EventDate "2009.08.31"]

1. e4 e5 2. Nf3 Nc6 3. Bc4 Nf6 4. d3 g6 5. Ng5 d5 6. exd5 Na5 7. Qe2 Nxc4 8.
dxc4 Qe7 9. Nc3 Bg7 10. Bd2 Bf5 11. Nge4 h6 12. Nxf6+ Qxf6 13. O-O-O O-O-O 14.
Kb1 g5 15. Qe3 Qg6 16. Rc1 Qa6 17. Qc5 Bf8 18. Qb5 Qxb5 19. Nxb5 Bc5 20. b4 a6
21. bxc5 axb5 22. cxb5 Rxd5 23. Be3 Bg6 24. Rcd1 Rhd8 25. Rxd5 Rxd5 26. h4 f5
27. c4 f4+ 28. Kb2 Rd8 29. Bc1 Bf7 30. hxg5 hxg5 31. Re1 Bxc4 32. Rxe5 Rd5 33.
Rxd5 Bxd5 34. g3 fxg3 35. fxg3 g4 36. a4 Bc4 37. Kc3 Be2 38. Kd2 Bc4 39. Kc3
Be2 40. Bf4 Kd7 41. Kb4 c6 42. Ka5 cxb5 43. axb5 Bf3 44. Kb6 Bg2 45. Ka7 Kc8
46. Bd6 Bd5 1/2-1/2

[Event "C.to Europeo U16 femminile"]
[Site "Fermo ITA"]
[Date "2009.09.06"]
[Round "6"]
[White "Cavalli, Benedetta"]
[Black "Venturelli, Miriam"]
[Result "1-0"]
[WhiteElo "1521"]
[BlackElo "1520"]
[PlyCount "35"]
[EventDate "2009.08.31"]

1. e4 e5 2. Nf3 Nc6 3. Bc4 Bc5 4. b4 Bxb4 5. c3 Ba5 6. d4 exd4 7. O-O a6 8. Qb3
Qe7 9. Ba3 Qf6 10. e5 Qg6 11. cxd4 Bb6 12. d5 Na5 13. Qb4 d6 14. exd6 Nxc4 15.
Re1+ Kd8 16. dxc7+ Bxc7 17. Qf8+ Kd7 18. Qe8# 1-0

[Event "C.to Europeo U16 femminile"]
[Site "Fermo ITA"]
[Date "2009.09.06"]
[Round "6"]
[White "Collado Barbas, Laura"]
[Black "Kolaric, Spela"]
[Result "1-0"]
[WhiteElo "2055"]
[BlackElo "1914"]
[PlyCount "139"]
[EventDate "2009.08.31"]

1. d4 d5 2. c4 e6 3. Nc3 Nf6 4. cxd5 exd5 5. Bg5 Be7 6. e3 O-O 7. Bd3 c6 8. Qc2
Nbd7 9. Nge2 Re8 10. O-O Nf8 11. f3 Nh5 12. Bxe7 Qxe7 13. e4 dxe4 14. fxe4 Be6
15. Rad1 Rad8 16. a3 Nf6 17. Qd2 Ng6 18. h3 Qc7 19. e5 Nd5 20. Ne4 Qb6 21. Kh1
Rf8 22. Ng5 Bc8 23. Rf3 c5 24. Rdf1 Be6 25. dxc5 Qxc5 26. Nxe6 fxe6 27. Bxg6
hxg6 28. Rxf8+ Rxf8 29. Rxf8+ Qxf8 30. Kg1 Qf5 31. Qd4 a6 32. Nc3 Qf4 33. Qxf4
Nxf4 34. Ne4 Nd3 35. b3 b6 36. Ng5 Nxe5 37. Nxe6 Kf7 38. Nc7 a5 39. Kf1 Nd7 40.
Ke2 Nc5 41. b4 axb4 42. axb4 Ne6 43. Nd5 b5 44. Ke3 g5 45. g3 Ke8 46. Nc3 Nc7
47. Ke4 Kd7 48. Kf5 Na6 49. Nxb5 Nxb4 50. Kxg5 Nc6 51. Kg6 Ne7+ 52. Kf7 g6 53.
Nc3 Nf5 54. g4 Nh4 55. Kf6 Ke8 56. Ne2 Kf8 57. Kg5 Nf3+ 58. Kxg6 Kg8 59. g5 Kh8
60. Nf4 Kg8 61. Ng2 Nxg5 62. Kxg5 Kg7 63. h4 Kh7 64. h5 Kg7 65. h6+ Kh7 66. Nh4
Kh8 67. Kg6 Kg8 68. Nf5 Kh8 69. Nd6 Kg8 70. h7+ 1-0

[Event "C.to Europeo U16 femminile"]
[Site "Fermo ITA"]
[Date "2009.09.06"]
[Round "6"]
[White "Dines, Sheila J."]
[Black "Venturelli, Ester"]
[Result "1-0"]
[WhiteElo "1936"]
[BlackElo "1572"]
[PlyCount "65"]
[EventDate "2009.08.31"]

1. e4 e5 2. Nf3 Nc6 3. d4 exd4 4. Nxd4 Bc5 5. Be3 Qf6 6. c3 Nge7 7. Bb5 O-O 8.
O-O d6 9. f4 Bd7 10. Be2 Ng6 11. Qd2 Qe7 12. f5 Nge5 13. Kh1 f6 14. Qe1 Nf7 15.
Nd2 Rfe8 16. Bc4 Nxd4 17. Bxd4 Bc6 18. Qh4 Rad8 19. Be6 Bd7 20. Bb3 Bc6 21.
Rae1 Qd7 22. Be6 Qe7 23. Qh5 Bd7 24. Bb3 Bc6 25. Re3 Bxd4 26. cxd4 d5 27. e5
Ng5 28. e6 Qb4 29. Nf3 Nxf3 30. Rfxf3 Qxd4 31. Rh3 h6 32. Reg3 Qf2 33. Qf7+ 1-0

[Event "C.to Europeo U16 femminile"]
[Site "Fermo ITA"]
[Date "2009.09.06"]
[Round "6"]
[White "Forsa, Elise"]
[Black "Meireles, Ana"]
[Result "1-0"]
[WhiteElo "1728"]
[BlackElo "1611"]
[PlyCount "47"]
[EventDate "2009.08.31"]

1. e4 e6 2. d4 d5 3. Nc3 dxe4 4. Nxe4 Nd7 5. Nf3 Ngf6 6. Nxf6+ Nxf6 7. Bd3 b6
8. Qe2 Bb7 9. Bg5 Be7 10. O-O-O O-O 11. h4 Qd5 12. Kb1 Qa5 13. Bxf6 Bxf6 14.
Ng5 g6 15. Ne4 Bxd4 16. c3 Bh8 17. h5 Rad8 18. hxg6 fxg6 19. Qg4 Rde8 20. Ng5
Bd5 21. Qh4 Qxa2+ 22. Kc1 Re7 23. Bxg6 Qa1+ 24. Kc2 1-0

[Event "C.to Europeo U16 femminile"]
[Site "Fermo ITA"]
[Date "2009.09.06"]
[Round "6"]
[White "Fransson, Angelina"]
[Black "Hohluka, Arina"]
[Result "1/2-1/2"]
[WhiteElo "1844"]
[BlackElo "1654"]
[PlyCount "84"]
[EventDate "2009.08.31"]

1. e4 c5 2. Nf3 e6 3. d3 a6 4. g3 b5 5. Bg2 Bb7 6. O-O Qc7 7. c3 d6 8. Nbd2 Nf6
9. Re1 Nc6 10. Nf1 Be7 11. a3 O-O 12. h4 Rfd8 13. N1h2 a5 14. g4 Nd7 15. d4 d5
16. e5 b4 17. g5 bxa3 18. bxa3 c4 19. h5 a4 20. Bh3 Nf8 21. Kh1 Na5 22. Ra2 Nb3
23. Rg1 Nxc1 24. Qxc1 Kh8 25. Qf4 Rd7 26. Nd2 Rb8 27. Nhf3 Bc6 28. Nh4 Qa5 29.
Qg3 Rdb7 30. f4 Rb2 31. Rga1 Bxa3 32. g6 fxg6 33. hxg6 h6 34. f5 exf5 35. Nxf5
Qc7 36. Ne3 Be7 37. Bf5 Bg5 38. Ndf1 Rxa2 39. Rxa2 Rb3 40. Ng4 Bd7 41. Qf3 Rb8
42. Nfe3 Qc8 1/2-1/2

[Event "C.to Europeo U16 femminile"]
[Site "Fermo ITA"]
[Date "2009.09.06"]
[Round "6"]
[White "Fur, Katinka"]
[Black "Casolino, Rosamaria"]
[Result "1-0"]
[WhiteElo "1925"]
[BlackElo "1826"]
[PlyCount "59"]
[EventDate "2009.08.31"]

1. d4 Nf6 2. c4 e6 3. a3 d5 4. Nc3 c5 5. dxc5 Bxc5 6. e3 O-O 7. b4 Be7 8. Bb2
b6 9. cxd5 exd5 10. Nf3 Bb7 11. Be2 Nbd7 12. O-O Rc8 13. Qb3 a6 14. Rfd1 Qc7
15. Rac1 Qb8 16. Nd4 Bd6 17. g3 Rfe8 18. Bf3 Ne5 19. Bg2 Bf8 20. Nxd5 Nxd5 21.
Bxd5 Bxd5 22. Qxd5 Rcd8 23. Qg2 b5 24. Nc6 Nxc6 25. Qxc6 Re6 26. Rxd8 Qxd8 27.
Qc8 Qg5 28. Bd4 g6 29. Bc5 Qh6 30. Rd1 1-0

[Event "C.to Europeo U16 femminile"]
[Site "Fermo ITA"]
[Date "2009.09.06"]
[Round "6"]
[White "Haast, Anne"]
[Black "Edes, Zsofia"]
[Result "1-0"]
[WhiteElo "2158"]
[BlackElo "1924"]
[PlyCount "71"]
[EventDate "2009.08.31"]

1. e4 c5 2. Nf3 d6 3. d4 cxd4 4. Nxd4 Nf6 5. Nc3 a6 6. Be3 e5 7. Nb3 Be6 8. f3
Be7 9. Qd2 Nbd7 10. g4 b5 11. g5 b4 12. Ne2 Nh5 13. O-O-O a5 14. Kb1 Qb8 15.
Ng3 g6 16. Nxh5 gxh5 17. Be2 a4 18. Nc1 Nc5 19. Nd3 Nxd3 20. Qxd3 Ra5 21. f4
O-O 22. f5 Bxa2+ 23. Kxa2 Rc8 24. Rd2 Rc3 25. bxc3 b3+ 26. Ka1 d5 27. Qxd5 Rxd5
28. Rxd5 Qf8 29. cxb3 axb3 30. Kb2 Qc8 31. Rhd1 Qa8 32. Ra1 Qb7 33. Ra7 Qc8 34.
Rxe7 Qa8 35. Ra7 Qb8 36. Rda5 1-0

[Event "C.to Europeo U16 femminile"]
[Site "Fermo ITA"]
[Date "2009.09.06"]
[Round "6"]
[White "Hughes, Rhian"]
[Black "Gijsen, Michelle"]
[Result "1-0"]
[WhiteElo "1850"]
[BlackElo "1679"]
[PlyCount "69"]
[EventDate "2009.08.31"]

1. c4 e5 2. Nc3 Nc6 3. g3 f5 4. Bg2 Nf6 5. d3 Bb4 6. Bd2 O-O 7. a3 Bxc3 8. Bxc3
d6 9. e3 Qe8 10. Ne2 Qh5 11. b4 a6 12. a4 f4 13. exf4 Bg4 14. h3 Bxe2 15. Qxe2
Qxe2+ 16. Kxe2 exf4 17. g4 Rae8+ 18. Kd2 Nd7 19. Bd5+ Kh8 20. Rhe1 Nb6 21. Be4
Re7 22. Bxc6 Rxe1 23. Rxe1 bxc6 24. Re7 Rg8 25. Rxc7 Nxa4 26. Rxc6 Nxc3 27.
Kxc3 Rd8 28. Rxa6 Kg8 29. Kd4 Kf8 30. Kd5 Ke7 31. b5 g5 32. b6 Rb8 33. Ra7+ Kd8
34. Kc6 Kc8 35. b7+ 1-0

[Event "C.to Europeo U16 femminile"]
[Site "Fermo ITA"]
[Date "2009.09.06"]
[Round "6"]
[White "Kazimova, Narmin Nizami Qizi"]
[Black "Froewis, Annika"]
[Result "1-0"]
[WhiteElo "2218"]
[BlackElo "1933"]
[PlyCount "157"]
[EventDate "2009.08.31"]

1. Nf3 d5 2. d4 Nf6 3. c4 c6 4. Qc2 dxc4 5. Qxc4 Bf5 6. g3 e6 7. Bg2 Nbd7 8. e3
Be7 9. O-O O-O 10. Nc3 Ne4 11. Rd1 Nxc3 12. bxc3 Be4 13. Qe2 Qc7 14. Bb2 c5 15.
c4 Qc6 16. Rac1 Rfd8 17. d5 Qb6 18. Ne1 Bxg2 19. Nxg2 Bf6 20. Rb1 Qa6 21. Bxf6
Nxf6 22. dxe6 Rxd1+ 23. Qxd1 Qxe6 24. Rxb7 Qxc4 25. Rxa7 Rb8 26. Rb7 Ra8 27.
Rb2 g6 28. Qc2 Qd5 29. Nf4 Qc6 30. Qc4 Kg7 31. Nd3 Nd7 32. Rc2 Kg8 33. Qc3 Rb8
34. Rc1 Rc8 35. Ne5 Nxe5 36. Qxe5 c4 37. Qc3 Qa4 38. Rc2 Qc6 39. Rd2 Rb8 40.
Rd1 Rc8 41. Rd4 Rb8 42. e4 Rc8 43. Kg2 Qa6 44. a3 Qb5 45. h4 h5 46. Rd5 Qc6 47.
f3 Kh7 48. Rd4 Kg8 49. e5 Kh7 50. Re4 Qe6 51. Rf4 Rc5 52. Re4 Rc8 53. a4 Kg8
54. a5 Kh7 55. Rf4 Rc5 56. Re4 Kg8 57. Qd4 Rc6 58. Re3 Kh7 59. Rc3 Kg7 60. g4
hxg4 61. fxg4 Rc8 62. Kh3 Rc6 63. Rf3 Kg8 64. Kg3 Qe7 65. g5 Rc5 66. a6 Qxe5+
67. Qxe5 Rxe5 68. Ra3 Re8 69. a7 Ra8 70. Kf3 c3 71. Ke3 c2 72. Kd2 c1=Q+ 73.
Kxc1 Kf8 74. Kd2 Ke7 75. Ra6 Kd7 76. Ke3 Ke7 77. Kd4 Kd7 78. Kc5 Ke7 79. Kb6
1-0

[Event "C.to Europeo U16 femminile"]
[Site "Fermo ITA"]
[Date "2009.09.06"]
[Round "6"]
[White "Kessler, Michaela"]
[Black "Kantor, Reka"]
[Result "1-0"]
[WhiteElo "1913"]
[BlackElo "1941"]
[PlyCount "85"]
[EventDate "2009.08.31"]

1. e4 e5 2. Nf3 Nc6 3. Bb5 a6 4. Ba4 Nf6 5. O-O Nxe4 6. d4 b5 7. Bb3 d5 8. dxe5
Be6 9. Qe2 Na5 10. Be3 Nxb3 11. axb3 Qd7 12. Nd4 c6 13. f3 Nc5 14. b4 Nb7 15.
c3 Be7 16. f4 Bf5 17. Nd2 O-O 18. N2b3 Be4 19. f5 c5 20. bxc5 Nxc5 21. Qg4 Kh8
22. Nd2 Nd3 23. Qg3 Nxb2 24. Nxe4 dxe4 25. f6 gxf6 26. exf6 Rg8 27. Qh4 Rg4 28.
Qh3 Rag8 29. fxe7 Rxg2+ 30. Qxg2 Rxg2+ 31. Kxg2 Qxe7 32. Rxa6 Qb7 33. Raf6 Nc4
34. Kf2 Qc7 35. Bf4 Qe7 36. Rc6 Qh4+ 37. Bg3 e3+ 38. Kg1 Qg4 39. Rxf7 Nd2 40.
Re6 Kg8 41. Ree7 Qd1+ 42. Kg2 Ne4 43. Rg7+ 1-0

[Event "C.to Europeo U16 femminile"]
[Site "Fermo ITA"]
[Date "2009.09.06"]
[Round "6"]
[White "Khalafova, Narmin Ilgar Qizi"]
[Black "Meseljyan, Astghik"]
[Result "0-1"]
[WhiteElo "1901"]
[BlackElo "1774"]
[PlyCount "100"]
[EventDate "2009.08.31"]

1. e4 e5 2. Nf3 Nc6 3. Bb5 a6 4. Ba4 Nf6 5. Qe2 b5 6. Bb3 Be7 7. O-O d6 8. c3
O-O 9. Rd1 Na5 10. Bc2 c5 11. d4 Qc7 12. d5 c4 13. Nbd2 Nb7 14. Nf1 Bd7 15. h3
Rfc8 16. g4 Bf8 17. Ng3 g6 18. Kh1 a5 19. Rg1 b4 20. Nh4 Qd8 21. g5 Ne8 22.
Ngf5 Bxf5 23. exf5 Ng7 24. Qg4 Nc5 25. Be3 bxc3 26. bxc3 Nd3 27. Rab1 a4 28.
Rg2 Qa5 29. fxg6 hxg6 30. Qf3 Rab8 31. Bd2 Rxb1+ 32. Bxb1 Qb5 33. Rg1 Ra8 34.
Bxd3 cxd3 35. Ng2 Nf5 36. Ne3 Nxe3 37. fxe3 Qb2 38. Rf1 Ra7 39. Qf2 e4 40. a3
Bg7 41. Qe1 Rc7 42. Qb1 Bxc3 43. Bxc3 Qxb1 44. Rxb1 Rxc3 45. Kg2 Rb3 46. Ra1 d2
47. Kf2 Rxa3 48. Rd1 Rd3 49. Ke2 a3 50. h4 a2 0-1

[Event "C.to Europeo U16 femminile"]
[Site "Fermo ITA"]
[Date "2009.09.06"]
[Round "6"]
[White "Kolomaznikova, Barbora"]
[Black "Krumova, Ani"]
[Result "0-1"]
[WhiteElo "1864"]
[BlackElo "1904"]
[PlyCount "84"]
[EventDate "2009.08.31"]

1. e4 Nc6 2. d4 d5 3. e5 Bf5 4. Nf3 e6 5. c3 f6 6. Bf4 fxe5 7. Nxe5 Nxe5 8.
Bxe5 Nf6 9. Nd2 Bd6 10. f4 O-O 11. Nf3 c5 12. Bd3 Ne4 13. O-O cxd4 14. cxd4 Be7
15. Qe1 Rc8 16. Rc1 Qd7 17. Rxc8 Rxc8 18. Nh4 Nd6 19. Nxf5 Nxf5 20. g4 Nh6 21.
Qe2 Rf8 22. Rc1 Bd6 23. Rf1 Qe7 24. Kg2 Bxe5 25. dxe5 Qb4 26. a3 Qd4 27. Qd2
Kh8 28. h3 Ng8 29. Rf3 Ne7 30. Qf2 Nc6 31. Qh4 h6 32. Qf2 Qxf2+ 33. Rxf2 g5 34.
Bb5 Nd4 35. Bd7 Rf7 36. Be8 Rxf4 37. Rxf4 gxf4 38. Bd7 Kg7 39. Kf2 Kf8 40. Bc8
b6 41. Bb7 b5 42. b3 Nxb3 0-1

[Event "C.to Europeo U16 femminile"]
[Site "Fermo ITA"]
[Date "2009.09.06"]
[Round "6"]
[White "Messina, Roberta"]
[Black "Johannsdottir, Johanna Bjorg"]
[Result "1/2-1/2"]
[WhiteElo "1900"]
[BlackElo "1721"]
[PlyCount "90"]
[EventDate "2009.08.31"]

1. e4 c5 2. Nf3 e6 3. d3 d5 4. Qe2 Ne7 5. g3 Nbc6 6. Bg2 b6 7. O-O Bb7 8. e5
Nf5 9. c3 Be7 10. Nbd2 O-O 11. g4 Nh4 12. Nxh4 Bxh4 13. Nf3 Be7 14. g5 d4 15.
c4 Re8 16. h4 Na5 17. Bf4 Bxf3 18. Qxf3 Rc8 19. Qh5 Nc6 20. Be4 g6 21. Qg4 Qc7
22. Qg3 Bf8 23. Rae1 Bg7 24. Bg2 Ne7 25. Qh3 Nf5 26. h5 a6 27. Be4 Bxe5 28.
Bxe5 Qxe5 29. Bb7 Qf4 30. Re4 Qxg5+ 31. Rg4 Qh6 32. Bxc8 Rxc8 33. Kh2 Ng7 34.
hxg6 Qxh3+ 35. Kxh3 hxg6 36. Rh1 Nh5 37. Kg2 Kh7 38. Kf3 e5 39. Rgh4 Kg7 40.
Ke2 Rc6 41. Kd2 Rf6 42. R1h2 Rf3 43. R4h3 Rf5 44. Rh4 Nf6 45. Ke2 Nh5 1/2-1/2

[Event "C.to Europeo U16 femminile"]
[Site "Fermo ITA"]
[Date "2009.09.06"]
[Round "6"]
[White "Miladinovic, Lena"]
[Black "Haitovich, Avital"]
[Result "1-0"]
[WhiteElo "2026"]
[BlackElo "1890"]
[PlyCount "111"]
[EventDate "2009.08.31"]

1. e4 e5 2. Nf3 d6 3. d4 exd4 4. Nxd4 Nf6 5. Nc3 Be7 6. Bf4 O-O 7. Qd2 c6 8. f3
b5 9. a3 a6 10. Be2 c5 11. Nb3 Qb6 12. Rd1 Rd8 13. O-O Bb7 14. Kh1 h6 15. a4 b4
16. Nd5 Nxd5 17. exd5 Bf6 18. Qc1 Nd7 19. Bc4 Qc7 20. Nd2 Nb6 21. b3 Bxd5 22.
Bxd5 Nxd5 23. Ne4 Qc6 24. Qd2 Bd4 25. Bxh6 Nf6 26. Nxf6+ Bxf6 27. Bg5 Bxg5 28.
Qxg5 d5 29. f4 Rd6 30. Rf3 Re8 31. f5 Rh6 32. Rg3 Qf6 33. Qf4 Qe5 34. Qf2 Qe2
35. Qg1 d4 36. Rgd3 Rh5 37. f6 Rg5 38. fxg7 Kxg7 39. R3d2 Qe3 40. Qf1 Rge5 41.
Rf2 R8e7 42. Qg1 Qc3 43. Qf1 a5 44. h3 Re1 45. Rxf7+ Kg8 46. Rxe7 Rxf1+ 47.
Rxf1 Qxc2 48. Rf3 d3 49. Rd7 d2 50. Rfd3 d1=Q+ 51. Rxd1 Qxb3 52. R1d6 c4 53.
Rc6 Qb1+ 54. Kh2 Qd3 55. Rxd3 cxd3 56. Rd6 1-0

[Event "C.to Europeo U16 femminile"]
[Site "Fermo ITA"]
[Date "2009.09.06"]
[Round "6"]
[White "Monteiro Da Silva, Joana Filipa"]
[Black "Martin Fuentes, Paula"]
[Result "1-0"]
[WhiteElo "1458"]
[BlackElo "1547"]
[PlyCount "51"]
[EventDate "2009.08.31"]

1. e4 e6 2. Nf3 d5 3. e5 c5 4. b4 c4 5. a3 Qc7 6. d3 cxd3 7. cxd3 Nc6 8. d4
Nge7 9. Nc3 Bd7 10. Nb5 Qb6 11. Nd6+ Kd8 12. Nxf7+ Ke8 13. Nxh8 g6 14. Ng5 h6
15. Ngf7 Nf5 16. Nd6+ Bxd6 17. exd6 g5 18. Qh5+ Kd8 19. Nf7+ Kc8 20. Nxh6 Ncxd4
21. Ra2 Qxd6 22. Nxf5 Nxf5 23. Qh8+ Kc7 24. Qxa8 Qe5+ 25. Be2 Bb5 26. Rc2+ 1-0

[Event "C.to Europeo U16 femminile"]
[Site "Fermo ITA"]
[Date "2009.09.06"]
[Round "6"]
[White "Neuhauser, Salome"]
[Black "Soylemez, Cansu"]
[Result "0-1"]
[WhiteElo "2021"]
[BlackElo "1879"]
[PlyCount "92"]
[EventDate "2009.08.31"]

1. e4 c5 2. Nf3 Nc6 3. d4 cxd4 4. Nxd4 Nf6 5. Nc3 e5 6. Ndb5 d6 7. Bg5 a6 8.
Bxf6 gxf6 9. Na3 b5 10. Nd5 Bg7 11. g3 O-O 12. Bg2 Rb8 13. c3 f5 14. exf5 Bxf5
15. Nc2 Be6 16. Qh5 Ne7 17. Nce3 f5 18. Rd1 Ng6 19. Bh3 Qd7 20. O-O f4 21.
Bxe6+ Qxe6 22. Ng2 Rb7 23. Rfe1 Rf5 24. Qh3 Qf7 25. Rd2 fxg3 26. hxg3 Rb8 27.
Nde3 Rf3 28. Rxd6 Rxf2 29. Rd7 Qf3 30. Red1 Rf8 31. Rd8 e4 32. Rxf8+ Nxf8 33.
Re1 Qf7 34. Nd1 Rf3 35. Nh4 Rd3 36. Nf2 Rd2 37. Nxe4 Rxb2 38. Nf5 Qa7+ 39. Kh1
Rxa2 40. Qg4 Kh8 41. Rf1 Qd7 42. Rd1 Qf7 43. Nfd6 Qg6 44. Ng5 Qh6+ 45. Nh3 Qg6
46. Qf3 Qc2 0-1

[Event "C.to Europeo U16 femminile"]
[Site "Fermo ITA"]
[Date "2009.09.06"]
[Round "6"]
[White "Nieto Asencio, Maria del Carmen"]
[Black "Schulz, Anja"]
[Result "0-1"]
[WhiteElo "1634"]
[BlackElo "1987"]
[PlyCount "176"]
[EventDate "2009.08.31"]

1. d4 Nf6 2. Nf3 g6 3. Nc3 d5 4. Bf4 c6 5. Ne5 Nh5 6. Qd2 Nxf4 7. Qxf4 f6 8.
Nf3 Bg7 9. h4 Qb6 10. O-O-O Na6 11. e3 Bd7 12. Kb1 O-O-O 13. Na4 Qa5 14. Bxa6
Qxa4 15. Be2 Rhe8 16. h5 g5 17. Qh2 h6 18. Rd3 Bf5 19. Rb3 e5 20. Rc1 a6 21.
Ka1 Qa5 22. c4 dxc4 23. Bxc4 g4 24. Nh4 Qd2 25. Qg1 Bh7 26. d5 b5 27. Rd1 Qa5
28. Be2 Rxd5 29. Bxg4+ Kb7 30. Rxd5 cxd5 31. Nf5 Bf8 32. Rc3 Bb4 33. Rc1 Rd8
34. Qd1 d4 35. exd4 Bg8 36. Bf3+ Ka7 37. d5 Bf8 38. Rc3 b4 39. Rc1 Bxd5 40.
Bxd5 Rxd5 41. Qb3 Qb5 42. Ne3 Rd7 43. Qg8 Bc5 44. Qc8 Bb6 45. Ng4 Rd2 46. Nxf6
b3 47. a3 Rd4 48. Ne8 Qd7 49. Qxd7+ Rxd7 50. Nf6 Rd2 51. Ng4 Bxf2 52. Nxh6 Bd4
53. Rb1 Rxg2 54. Nf7 Rf2 55. Nd6 Rh2 56. Nc4 Rxh5 57. Nd2 Rh3 58. Re1 a5 59. a4
Rd3 60. Nc4 Ka6 61. Kb1 e4 62. Kc1 e3 63. Re2 Bc5 64. Ne5 Rd8 65. Nc4 Rd3 66.
Ne5 Rd8 67. Nc4 Re8 68. Kd1 Re4 69. Nd2 Rxa4 70. Nxb3 Ba7 71. Kc2 Kb5 72. Kd3
Rb4 73. Kc2 a4 74. Nc1 Kc4 75. Nd3 Rb5 76. Nf4 Bd4 77. Kc1 Kb3 78. Nd3 Rb8 79.
Kb1 Rf8 80. Nc1+ Kb4 81. Nd3+ Kc4 82. Nc1 Bb6 83. Kc2 Kd4 84. Na2 Ba5 85. Nc1
Ke4 86. Kd1 Rd8+ 87. Kc2 Bd2 88. Na2 Kf3 0-1

[Event "C.to Europeo U16 femminile"]
[Site "Fermo ITA"]
[Date "2009.09.06"]
[Round "6"]
[White "Palmitessa, Chiara"]
[Black "Bluebaum, Johanna"]
[Result "1/2-1/2"]
[WhiteElo "1807"]
[BlackElo "2008"]
[PlyCount "79"]
[EventDate "2009.08.31"]

1. e4 e6 2. d3 d5 3. Nd2 Nf6 4. Ngf3 b6 5. e5 Nfd7 6. g3 c5 7. Bg2 Nc6 8. c4
Be7 9. cxd5 exd5 10. Qe2 Nf8 11. O-O Ne6 12. Re1 Ba6 13. Nf1 O-O 14. h4 Rc8 15.
Ne3 Rc7 16. h5 Nb4 17. Rd1 Nd4 18. Nxd4 cxd4 19. Nf5 Qc8 20. Qg4 g6 21. Nxe7+
Rxe7 22. Qg5 Qe6 23. Bf1 Qxe5 24. Qxe5 Rxe5 25. hxg6 hxg6 26. Bf4 Re6 27. Rac1
Nxa2 28. Ra1 Nb4 29. Bd2 Bxd3 30. Bxb4 Bxf1 31. Kxf1 Rc8 32. Rxd4 Rc2 33. Rxd5
Ree2 34. Rd8+ Kh7 35. Bc3 Rxf2+ 36. Ke1 g5 37. Rxa7 Kg6 38. Rd2 Rfxd2 39. Bxd2
Rxb2 40. Ra3 1/2-1/2

[Event "C.to Europeo U16 femminile"]
[Site "Fermo ITA"]
[Date "2009.09.06"]
[Round "6"]
[White "Perera Borrego, Mariela"]
[Black "Bochis, Julia"]
[Result "1-0"]
[WhiteElo "1969"]
[BlackElo "2053"]
[PlyCount "105"]
[EventDate "2009.08.31"]

1. d4 d6 2. Nf3 g6 3. Bg5 Bg7 4. c3 f6 5. Bh4 e5 6. dxe5 dxe5 7. Qxd8+ Kxd8 8.
e4 Be6 9. Na3 Nd7 10. Bc4 Bxc4 11. Nxc4 g5 12. Bg3 Ne7 13. O-O-O Kc8 14. Kc2 a5
15. Ne3 Nc5 16. Nd2 b6 17. h4 h6 18. hxg5 hxg5 19. Rxh8+ Bxh8 20. Rh1 Kd7 21.
Rh7 Ke6 22. f3 Rd8 23. b3 Rg8 24. Bf2 Bg7 25. Ng4 Nd7 26. a3 Bf8 27. Rh1 Nc6
28. b4 Bd6 29. Nc4 axb4 30. axb4 Ra8 31. Kb2 Ra4 32. Nge3 Na7 33. Nd5 Nb5 34.
Rh7 Bf8 35. Rxd7 Kxd7 36. Ndxb6+ cxb6 37. Nxb6+ Kc6 38. Nxa4 Nd6 39. Kb3 f5 40.
exf5 Nxf5 41. Nb2 Ne7 42. Bc5 Ng6 43. Bxf8 Nxf8 44. Nc4 Ng6 45. Ne3 Nf4 46. Kc4
Kd6 47. b5 Ne6 48. Nf5+ Kc7 49. g3 Kb6 50. Nd6 Nc7 51. Nc8+ Kb7 52. Ne7 Ka7 53.
b6+ 1-0

[Event "C.to Europeo U16 femminile"]
[Site "Fermo ITA"]
[Date "2009.09.06"]
[Round "6"]
[White "Polin, Giulia"]
[Black "Turkova, Karolina"]
[Result "1/2-1/2"]
[WhiteElo "1711"]
[BlackElo "1787"]
[PlyCount "87"]
[EventDate "2009.08.31"]

1. e4 e5 2. Nf3 Nc6 3. Bb5 a6 4. Ba4 Nf6 5. O-O Be7 6. Re1 b5 7. Bb3 d6 8. c3
O-O 9. d3 Na5 10. Bc2 c5 11. Nbd2 Qc7 12. Nf1 Bd7 13. Ng3 Rfc8 14. h3 Nc6 15.
Bb3 Na5 16. Bc2 Nc6 17. Nd2 b4 18. Nc4 bxc3 19. bxc3 g6 20. Qf3 Kg7 21. Bg5 Ng8
22. Bd2 Be6 23. Ne3 Bf8 24. Nd5 Bxd5 25. exd5 Nce7 26. Bb3 a5 27. Ne4 h6 28. g4
Qd7 29. Kh2 g5 30. a4 Ng6 31. Bc4 Nh4 32. Qg3 f5 33. Bb5 Qf7 34. gxf5 Qxf5 35.
Kh1 Nf6 36. Nxf6 Qxf6 37. Re4 Nf5 38. Qg1 Ne7 39. c4 Qf3+ 40. Qg2 Qxd3 41. Be3
Ng6 42. h4 Be7 43. hxg5 hxg5 44. Rg4 1/2-1/2

[Event "C.to Europeo U16 femminile"]
[Site "Fermo ITA"]
[Date "2009.09.06"]
[Round "6"]
[White "Purgar, Ivona"]
[Black "Vince, Andrea"]
[Result "1-0"]
[WhiteElo "2079"]
[BlackElo "2092"]
[PlyCount "79"]
[EventDate "2009.08.31"]

1. e4 c5 2. Nf3 e6 3. d4 cxd4 4. Nxd4 Nf6 5. Bd3 Nc6 6. Nxc6 dxc6 7. O-O e5 8.
Qe2 Bc5 9. Bg5 h6 10. Bh4 g5 11. Bg3 Bg4 12. Qe1 Qe7 13. Kh1 Nh5 14. f3 Bd7 15.
Bf2 Nf4 16. a3 h5 17. b4 Bxf2 18. Rxf2 h4 19. Bf1 g4 20. fxg4 Bxg4 21. Nd2
O-O-O 22. Qe3 Kb8 23. c4 Rdg8 24. c5 Be6 25. b5 cxb5 26. Rb1 Bd7 27. a4 Rg3 28.
Rf3 Rxf3 29. Nxf3 bxa4 30. Ba6 Bc6 31. Bxb7 Kc7 32. Bxc6 Kxc6 33. Qa3 Kc7 34.
Qb4 Kd7 35. Rd1+ Kc7 36. Qa5+ Kb8 37. c6 Qc7 38. Rb1+ Kc8 39. Qa6+ Kd8 40. Rb7
1-0

[Event "C.to Europeo U16 femminile"]
[Site "Fermo ITA"]
[Date "2009.09.06"]
[Round "6"]
[White "Salido Polo, Veronica"]
[Black "Suarez Calvo, Alesandra"]
[Result "0-1"]
[WhiteElo "1880"]
[BlackElo "2023"]
[PlyCount "96"]
[EventDate "2009.08.31"]

1. e4 e6 2. d4 d5 3. Nd2 Nf6 4. e5 Nfd7 5. Bd3 c5 6. c3 Nc6 7. Ne2 Be7 8. O-O
O-O 9. Nf3 cxd4 10. cxd4 f6 11. exf6 Nxf6 12. Bg5 Qb6 13. b3 Bd7 14. Ne5 Be8
15. Nxc6 bxc6 16. Qc2 h6 17. Be3 Rc8 18. Nf4 c5 19. dxc5 Bxc5 20. Nxe6 Qxe6 21.
Bxc5 Qc6 22. Rac1 Rf7 23. Qe2 Rfc7 24. Ba6 Rb8 25. Be3 Qd6 26. Rxc7 Qxc7 27.
Rc1 Qd6 28. g3 Bh5 29. Qf1 Qa3 30. Bxa7 Ra8 31. Rc7 Qa5 32. Rb7 Qxa2 33. b4 Ne4
34. b5 Re8 35. Rb8 Rxb8 36. Bxb8 Nd2 37. Qc1 Nf3+ 38. Kg2 Qe2 39. Qc8+ Kh7 40.
b6 Ne1+ 41. Kg1 Qe4 42. Bf1 Bg4 43. Qa6 Nf3+ 44. Kh1 Nd2+ 45. Kg1 Qe1 46. Qd3+
g6 47. b7 Nf3+ 48. Kh1 Qxf2 0-1

[Event "C.to Europeo U16 femminile"]
[Site "Fermo ITA"]
[Date "2009.09.06"]
[Round "6"]
[White "Schut, Lisa"]
[Black "De Seroux, Camille"]
[Result "1-0"]
[WhiteElo "2212"]
[BlackElo "1950"]
[PlyCount "71"]
[EventDate "2009.08.31"]

1. e4 c5 2. Nf3 d6 3. d4 cxd4 4. Nxd4 Nf6 5. Nc3 g6 6. f4 Nc6 7. Nxc6 bxc6 8.
e5 Nd7 9. exd6 exd6 10. Be3 Be7 11. Qd2 O-O 12. O-O-O Qa5 13. g4 Rb8 14. Kb1
Qb4 15. b3 Nb6 16. h3 a5 17. Qd4 c5 18. Qxb4 axb4 19. Nb5 Bb7 20. Rg1 Nd5 21.
Bc1 Bc6 22. Bc4 Rxb5 23. Bxd5 Bxd5 24. Rxd5 Ra8 25. Re1 Bf8 26. f5 Rba5 27. a4
bxa3 28. f6 Rb5 29. Ka2 Rb6 30. g5 Rba6 31. Re4 Rb8 32. Bf4 Rb4 33. c4 Rb8 34.
Rd3 Rbb6 35. Re8 Rb7 36. Bxd6 1-0

[Event "C.to Europeo U16 femminile"]
[Site "Fermo ITA"]
[Date "2009.09.06"]
[Round "6"]
[White "Vasilescu, Maria"]
[Black "Dugnaite, Gerda"]
[Result "1-0"]
[WhiteElo "1761"]
[BlackElo "1643"]
[PlyCount "69"]
[EventDate "2009.08.31"]

1. e4 c6 2. d4 d5 3. exd5 cxd5 4. Bd3 Nf6 5. Nf3 Nc6 6. c3 Bg4 7. O-O e6 8. Bf4
Bd6 9. Bxd6 Qxd6 10. Nbd2 O-O 11. Qc2 Rac8 12. a3 h6 13. h3 Bxf3 14. Nxf3 Nh5
15. Rfe1 Nf4 16. Bf1 Rfe8 17. Rad1 Ng6 18. g3 Na5 19. Bd3 Ne7 20. Ne5 Rc7 21.
Bh7+ Kf8 22. Rd3 f6 23. Rf3 Nc4 24. Qc1 Nf5 25. Bxf5 exf5 26. Ng6+ Kf7 27. Rxe8
Kxe8 28. Qc2 Kf7 29. Nh4 Qe6 30. Nxf5 Qe1+ 31. Kg2 Nd2 32. Nd6+ Kf8 33. Rf4 Re7
34. Qh7 Re2 35. Rxf6+ 1-0

[Event "C.to Europeo U16 femminile"]
[Site "Fermo ITA"]
[Date "2009.09.06"]
[Round "6"]
[White "Warmelink, Evie"]
[Black "Pavlidou, Ekaterini"]
[Result "0-1"]
[WhiteElo "1921"]
[BlackElo "2179"]
[PlyCount "32"]
[EventDate "2009.08.31"]

1. e4 c5 2. Nc3 Nc6 3. g3 g6 4. Bg2 Bg7 5. d3 d6 6. f4 e5 7. Nh3 Nge7 8. O-O
O-O 9. f5 gxf5 10. exf5 Bxf5 11. Rxf5 Nxf5 12. Qh5 Nfe7 13. Bh6 Qe8 14. Qg5 Ng6
15. Nd5 f6 16. Qh5 Bxh6 0-1